000
00397nam a2200157Ia 4500
008
100122s9999 xx 000 0 und d
082
_b
66668
_a
823
100
_a
शिरवळकर सुहास
245
_a
झूम
250
_a
2
260
_b
दिलीपराज प्रकाशन
_c
2001
300
_a
252
630
_a
झूम
730
_a
झूम
942
_c
BOOK
999
_c
439129
_d
439126